[Event "BL 06/07 "]
[Site "?"]
[Date "2006.11.19"]
[Round "?"]
[White "Tomczak, R."]
[Black "Poldauf, D."]
[Result "1-0"]
[WhiteElo "2316"]
[BlackElo "2422"]
[PlyCount "83"]
[EventDate "2006.??.??"]

1. e4 e6 2. d4 d5 3. exd5 exd5 4. Bd3 Nf6 5. Nf3 Be7 6. h3 O-O 7. O-O c5 8.
dxc5 Bxc5 9. Nc3 Nc6 10. Bg5 Be6 11. a3 h6 12. Bf4 a6 13. Qd2 Re8 14. Rfe1 Rc8
15. Rad1 b5 16. Ne5 Nxe5 17. Bxe5 Nd7 18. Bf4 Qh4 19. Bf1 Nb6 20. Be3 Nc4 21.
Bxc4 dxc4 22. Bxc5 Rxc5 23. Qd6 Rg5 24. Re3 Rf8 25. Ne2 Rg6 26. Nf4 Rf6 27. g3
Qg5 28. Re5 Rf5 29. Nxe6 fxe6 30. Qxe6+ Kh7 31. Rxf5 Qxf5 32. Qxf5+ Rxf5 33. c3
h5 34. Rd6 a5 35. Rd4 a4 36. f4 g5 37. Kg2 gxf4 38. gxf4 Kg6 39. Kf3 Rc5 40.
Ke4 Kf6 41. Rd6+ Ke7 42. Rd5 1-0

[Event "BL06/07"]
[Site "?"]
[Date "2006.11.19"]
[Round "?"]
[White "Kraemer, M."]
[Black "von Herman, U."]
[Result "1-0"]
[WhiteElo "2395"]
[BlackElo "2332"]
[PlyCount "119"]
[EventDate "2006.??.??"]

1. e4 e6 2. d4 d5 3. Nc3 Nf6 4. Bg5 Bb4 5. e5 h6 6. Bd2 Bxc3 7. bxc3 Ne4 8. Qg4
Kf8 9. Bd3 Nxd2 10. Kxd2 c5 11. Nf3 Nc6 12. dxc5 Qa5 13. Qf4 Qxc5 14. Nd4 Bd7
15. Rhb1 b6 16. a4 Na5 17. Ba6 Qe7 18. h4 Bc8 19. Be2 Bd7 20. Rh1 Rc8 21. Rh3
Rc7 22. Qe3 Ke8 23. Rg3 Qf8 24. f4 h5 25. f5 exf5 26. Qg5 g6 27. Nb5 Rc6 28.
Nxa7 Nc4+ 29. Bxc4 Rxc4 30. Nb5 Rc6 31. Nd4 Rc7 32. a5 bxa5 33. Rxa5 Qh6 34.
Qxh6 Rxh6 35. Rxd5 Ke7 36. Re3 Rh8 37. Ra5 Rb8 38. Ra1 Rbb7 39. g3 Rc5 40. Ra6
Be6 41. Ra4 Bd5 42. Rb4 Rd7 43. Rb6 Be4 44. e6 Rxd4+ 45. cxd4 Rxc2+ 46. Kd1 Rc4
47. exf7 Rxd4+ 48. Ke1 Kxf7 49. Ra3 Rd7 50. Raa6 f4 51. Rf6+ Kg7 52. Rxf4 Bf5
53. Rfa4 Re7+ 54. Kf2 Rf7 55. Ke3 Re7+ 56. Kf2 Rf7 57. Kg1 Bc2 58. Ra2 Bb3 59.
R2a3 Rf3 60. Rb6 1-0

[Event "BL 06/07"]
[Site "?"]
[Date "2006.11.19"]
[Round "?"]
[White "Sarbok, T."]
[Black "Schneider, I."]
[Result "0-1"]
[WhiteElo "2336"]
[BlackElo "2368"]
[PlyCount "72"]
[EventDate "2006.??.??"]

1. e4 c5 2. Nf3 e6 3. d4 cxd4 4. Nxd4 Nf6 5. Bd3 Nc6 6. Nxc6 bxc6 7. O-O d5 8.
e5 Nd7 9. Re1 Qc7 10. Bf4 Qb6 11. Qc1 Rb8 12. Nc3 Qxb2 13. Qxb2 Rxb2 14. Rab1
Rb4 15. Bd2 Rxb1 16. Rxb1 Nxe5 17. Rb8 Kd7 18. Ra8 Bc5 19. Ba6 Re8 20. Na4 Bd4
21. Be3 Bxe3 22. fxe3 Bxa6 23. Rxa7+ Kd6 24. Rxa6 Rb8 25. Nc3 Rb2 26. h3 Nc4
27. Ne2 e5 28. Kf2 Rxc2 29. a4 d4 30. exd4 exd4 31. Ra8 Ne5 32. Rd8+ Kc5 33.
Ke1 d3 34. Nd4 Rxg2 35. a5 Ra2 36. Kd1 Kc4 0-1

[Event "BL06/07"]
[Site "?"]
[Date "2006.11.19"]
[Round "?"]
[White "Thinius, M."]
[Black "Pachow, J."]
[Result "1-0"]
[WhiteElo "2369"]
[BlackElo "2290"]
[PlyCount "95"]
[EventDate "2006.??.??"]

1. e4 c5 2. Nf3 Nc6 3. Bb5 g6 4. Bxc6 dxc6 5. d3 Bg7 6. h3 Nf6 7. Nc3 Nd7 8.
Be3 e5 9. Qd2 h6 10. O-O Qe7 11. Nh2 Nf8 12. f4 exf4 13. Rxf4 Be6 14. Rf2 Nd7
15. Raf1 Ne5 16. Ne2 O-O-O 17. Qa5 b6 18. Qa4 Kb7 19. Nf4 Rhf8 20. b3 Bc8 21.
Qa3 Qd6 22. Qc1 f5 23. exf5 Rxf5 24. Ne2 Rxf2 25. Rxf2 g5 26. Nc3 Rf8 27. Ne4
Qe7 28. Rxf8 Qxf8 29. Qf1 Qxf1+ 30. Nxf1 Kc7 31. Nfg3 Nf7 32. Kf2 Be5 33. Kf3
a5 34. Nh5 a4 35. Nhf6 a3 36. g4 Kd8 37. Nh5 Be6 38. Nhg3 Bb2 39. Ne2 Ne5+ 40.
Kf2 Nf7 41. Ng1 Kc7 42. Nf3 Nd6 43. Nxd6 Kxd6 44. Kg3 Bd5 45. h4 Bxf3 46. Kxf3
gxh4 47. Bxh6 Be5 48. Kg2 1-0

[Event "BL 06/07"]
[Site "?"]
[Date "2006.11.19"]
[Round "?"]
[White "Luther, T."]
[Black "Baklan, V."]
[Result "1-0"]
[WhiteElo "2569"]
[BlackElo "2622"]
[PlyCount "79"]
[EventDate "2006.??.??"]

1. e4 c5 2. Nf3 Nc6 3. d4 cxd4 4. Nxd4 Nf6 5. Nc3 d6 6. Bg5 e6 7. Qd2 a6 8.
O-O-O Bd7 9. f3 h6 10. Be3 b5 11. Nxc6 Bxc6 12. Kb1 Qc7 13. Bd3 Rc8 14. Rhe1
Be7 15. g4 Nd7 16. Ne2 Ne5 17. Nd4 Bb7 18. Qg2 g6 19. Bf1 Rb8 20. Bc1 Ba8 21.
f4 Nc4 22. Qh3 e5 23. Nf3 a5 24. f5 gxf5 25. exf5 a4 26. Nd2 d5 27. g5 a3 28.
b3 Nb2 29. Bxb2 axb2 30. f6 Bb4 31. g6 fxg6 32. Qg4 e4 33. Qxg6+ Qf7 34. Qg3
Rd8 35. Nxe4 Kf8 36. c3 Ba3 37. Qd3 Qg6 38. b4 Kf7 39. Nc5 d4 40. Re7+ 1-0

[Event "BL 06/07"]
[Site "?"]
[Date "2006.11.19"]
[Round "?"]
[White "Baramidze, D."]
[Black "Kalinitschew, S."]
[Result "1-0"]
[WhiteElo "2585"]
[BlackElo "2503"]
[PlyCount "55"]
[EventDate "2006.??.??"]

1. e4 e5 2. Nf3 Nc6 3. Bb5 a6 4. Ba4 Nf6 5. O-O b5 6. Bb3 Be7 7. Re1 O-O 8. a4
Rb8 9. d3 d6 10. Nbd2 Be6 11. c3 Bxb3 12. Qxb3 Na5 13. Qc2 b4 14. d4 exd4 15.
cxd4 c5 16. dxc5 dxc5 17. b3 Nd7 18. Bb2 Re8 19. Rad1 Qc8 20. e5 Nb6 21. e6
fxe6 22. Ne4 c4 23. Neg5 Bxg5 24. Nxg5 g6 25. Nxh7 Kxh7 26. Re5 c3 27. Rh5+ Kg7
28. Rg5 1-0

[Event "BL 06/07"]
[Site "?"]
[Date "2006.11.18"]
[Round "?"]
[White "Loeffler, S."]
[Black "Borriss, M."]
[Result "1-0"]
[WhiteElo "2440"]
[BlackElo "2455"]
[PlyCount "46"]
[EventDate "2006.??.??"]

1. d4 d5 2. Nf3 c6 3. c4 Nf6 4. e3 a6 5. Nbd2 Bf5 6. b3 e6 7. Bb2 Nbd7 8. Be2
Ne4 9. O-O Bd6 10. c5 Bc7 11. b4 Qf6 12. Nxe4 dxe4 13. Nd2 Qh6 14. g3 Nf6 15.
Re1 Rd8 16. Nc4 Qg6 17. Kg2 Ng4 18. Nd6+ Bxd6 19. cxd6 Rxd6 20. Rh1 h5 21. Qb3
h4 22. Rag1 hxg3 23. hxg3 Nh2 1-0

[Event "BL 06/07"]
[Site "?"]
[Date "2006.11.19"]
[Round "?"]
[White "Bezold, M."]
[Black "Richter, M."]
[Result "1-0"]
[WhiteElo "2535"]
[BlackElo "2389"]
[PlyCount "115"]
[EventDate "2006.??.??"]

1. e4 e6 2. Qe2 c5 3. g3 Nc6 4. Bg2 g6 5. Nf3 Bg7 6. O-O Nge7 7. d3 d6 8. c3 b6
9. Rd1 O-O 10. d4 cxd4 11. Nxd4 Nxd4 12. cxd4 a5 13. Nc3 Ba6 14. Qe1 b5 15. a3
Qd7 16. Be3 Rfc8 17. Bh3 Bb7 18. d5 f5 19. dxe6 Qxe6 20. Bg5 Rc5 21. Bf4 d5 22.
exf5 Qxe1+ 23. Rxe1 Nxf5 24. Bxf5 gxf5 25. Be5 Bxe5 26. Rxe5 Rac8 27. Rd1 b4
28. axb4 axb4 29. Ne2 Rc2 30. b3 d4 31. Nxd4 Rd2 32. Ree1 Rxd1 33. Rxd1 Be4 34.
f3 Bd5 35. Rd3 Rc1+ 36. Kf2 Rb1 37. Ke3 Kf7 38. Kf4 Kf6 39. Nc2 Bxb3 40. Nxb4
Bc4 41. Rd6+ Ke7 42. Rb6 Rb3 43. Ke5 Rxf3 44. Rb7+ Ke8 45. Rxh7 Rb3 46. Nc6 Rb6
47. Nd4 Kf8 48. Rh5 Bd3 49. Nxf5 Rb5+ 50. Kf4 Rb4+ 51. Ke3 Bb1 52. Nd4 Kg7 53.
Rb5 Rxb5 54. Nxb5 Kg6 55. Kf4 Kh6 56. g4 Bc2 57. Nd4 Bb1 58. h4 1-0

[Event "BL 0607 SF Katernberg - Werder Bremen"]
[Site "?"]
[Date "2006.11.19"]
[Round "4.3"]
[White "Pelletier, Yannick"]
[Black "L'Ami, Erwin"]
[Result "1/2-1/2"]
[WhiteElo "2588"]
[BlackElo "2584"]
[PlyCount "108"]
[EventDate "2006.??.??"]

{H-H} 1. Nf3 d5 2. d4 Nf6 3. c4 c6 4. Nc3 dxc4 5. a4 Bf5 6. e3 e6 7. Bxc4 Bb4
8. O-O Nbd7 9. Qe2 Bg6 10. e4 Bxc3 11. bxc3 Nxe4 12. Ba3 Qc7 13. Rfe1 Nxc3 14.
Qe3 Ne4 15. Ne5 Nxe5 16. dxe5 Qb6 17. Qf4 O-O-O 18. Rxe4 Bxe4 19. Qxe4 Qd4 20.
Qxd4 Rxd4 21. Rc1 b6 22. Bd6 Kb7 23. Kf1 a6 24. Ke2 b5 25. Bb3 Rd8 26. Ke3
R8xd6 27. exd6 Rxd6 28. a5 Kc7 29. f4 Rd8 30. Bd1 Kd6 31. Bf3 Rc8 32. Kd4 c5+
33. Kc3 Rc7 34. Rd1+ Ke7 35. g4 h6 36. h4 g6 37. Rd2 c4 38. Rd1 Rc5 39. Kb4 Rc7
40. Kc3 Rc5 41. Kb4 Rc7 42. Be4 f5 43. gxf5 gxf5 44. Bf3 Kf6 45. h5 Rg7 46. Kc5
c3 47. Rc1 Rc7+ 48. Bc6 b4 49. Kb6 Rc8 50. Kb7 Rd8 51. Kxa6 Rb8 52. Bb7 Rd8 53.
Bc6 Rb8 54. Bb7 Rd8 1/2-1/2

[Event "BL 0607 SF Katernberg - Werder Bremen"]
[Site "?"]
[Date "2006.11.19"]
[Round "4.5"]
[White "Nyback, Tomi"]
[Black "Glek, Igor V"]
[Result "1/2-1/2"]
[WhiteElo "2575"]
[BlackElo "2538"]
[PlyCount "97"]
[EventDate "2006.??.??"]

{H-H} 1. d4 Nf6 2. c4 d6 3. Nc3 g6 4. e4 Bg7 5. Nf3 O-O 6. Be2 Na6 7. O-O c6 8.
Re1 e5 9. Bf1 exd4 10. Nxd4 Ng4 11. h3 Qb6 12. hxg4 Qxd4 13. Qf3 Qe5 14. Bf4
Qe7 15. Rad1 Be5 16. g5 Nc5 17. Qe3 a5 18. Bh2 Re8 19. f3 b6 20. Rd2 Bb7 21.
Red1 Rad8 22. Bxe5 dxe5 23. Rxd8 Rxd8 24. Rxd8+ Qxd8 25. g3 a4 26. Kf2 Ba6 27.
Nb1 Ne6 28. f4 Nc5 29. Nc3 Qd4 30. Kf3 Qd7 31. Kf2 Kg7 32. Kf3 Qe6 33. Qe2 Bc8
34. Ke3 Qe7 35. Qd1 a3 36. b3 Ne6 37. Ne2 Qc5+ 38. Kf3 f6 39. gxf6+ Kxf6 40.
Qd2 h5 41. Bh3 b5 42. cxb5 cxb5 43. Qd5 Nd4+ 44. Nxd4 Qc3+ 45. Kf2 Qb2+ 46. Kg1
Bxh3 47. Qxe5+ Kf7 48. Qd5+ Kg7 49. Qe5+ 1/2-1/2

[Event "BL 0607 SF Katernberg - Werder Bremen"]
[Site "?"]
[Date "2006.11.19"]
[Round "4.6"]
[White "Firman, Nazar"]
[Black "Fish, Gennadij"]
[Result "0-1"]
[WhiteElo "2495"]
[BlackElo "2529"]
[PlyCount "112"]
[EventDate "2006.??.??"]

{H-H} 1. e4 c5 2. Nf3 e6 3. d4 cxd4 4. Nxd4 a6 5. Nc3 Qc7 6. Be2 Nf6 7. O-O Nc6
8. Kh1 Nxd4 9. Qxd4 Bc5 10. Qd3 b5 11. f4 b4 12. Na4 Bb7 13. Bf3 Rc8 14. c4
bxc3 15. Nxc3 O-O 16. Bd2 d5 17. e5 Ne4 18. Nxe4 dxe4 19. Bxe4 Rfd8 20. Bxh7+
Kh8 21. Qh3 Rxd2 22. Be4+ Kg8 23. Qh7+ Kf8 24. Bxb7 Qxb7 25. Qh8+ Ke7 26. Qxg7
Qd5 27. Rac1 Rb8 28. b3 Ke8 29. f5 Bf8 30. Qg4 Rd4 31. Qh5 Qxe5 32. Rce1 Re4
33. Rxe4 Qxe4 34. fxe6 Qxe6 35. Qh4 Rb4 36. Qg3 Bd6 37. Qg8+ Ke7 38. Qg5+ Kf8
39. h3 Qe5 40. Qxe5 Bxe5 41. Rf5 Re4 42. g4 Ke7 43. Kg2 Ke6 44. Rf2 Re3 45. Rf3
Re2+ 46. Rf2 Rb2 47. Kf3 Kd5 48. Rxb2 Bxb2 49. Kf4 Kc5 50. h4 Kb4 51. Ke4 Ka3
52. Kd5 Kxa2 53. Kc4 Ka3 54. g5 Bc1 55. Kc3 a5 56. Kc4 Bd2 0-1

[Event "BL 0607 SF Katernberg - Werder Bremen"]
[Site "?"]
[Date "2006.11.19"]
[Round "4.7"]
[White "Schandorff, Lars"]
[Black "Siebrecht, Sebastian"]
[Result "1/2-1/2"]
[WhiteElo "2534"]
[BlackElo "2463"]
[PlyCount "44"]
[EventDate "2006.??.??"]

{H-H} 1. d4 Nf6 2. c4 g6 3. Nc3 Bg7 4. e4 d6 5. Nf3 O-O 6. h3 Na6 7. Bg5 Qe8 8.
Be2 e5 9. d5 Nc5 10. Nd2 a5 11. b3 c6 12. a3 cxd5 13. cxd5 Bd7 14. O-O b5 15.
b4 axb4 16. axb4 Na4 17. Ndb1 Qb8 18. Qd2 Rc8 19. Rc1 h6 20. Be3 Kh7 21. Kh2
Qb7 22. Qe1 Rc7 1/2-1/2

[Event "BL 0607 SF Katernberg - Werder Bremen"]
[Site "?"]
[Date "2006.11.19"]
[Round "4.8"]
[White "Souleidis, Georgios"]
[Black "Skripchenko, Almira"]
[Result "1/2-1/2"]
[WhiteElo "2407"]
[BlackElo "2427"]
[PlyCount "99"]
[EventDate "2006.??.??"]

{H-H} 1. e4 c5 2. Nf3 Nc6 3. d4 cxd4 4. Nxd4 e5 5. Nb5 d6 6. N1c3 a6 7. Na3 b5
8. Nd5 Nge7 9. c4 Nxd5 10. Qxd5 Bd7 11. Be3 b4 12. Nc2 Be7 13. Be2 O-O 14. O-O
a5 15. Rfd1 Qc8 16. Qd2 Be6 17. b3 Qb7 18. a3 Rfb8 19. Rdb1 h6 20. axb4 axb4
21. h3 Ra5 22. Rxa5 Nxa5 23. Qd3 Nc6 24. Ra1 Ra8 25. Rxa8+ Qxa8 26. Bd2 Qb8 27.
Qg3 Kf8 28. Bg4 Bxg4 29. Qxg4 Na5 30. Qg3 Nc6 31. Qd3 Qb6 32. Qd5 Ke8 33. Qb5
Qxb5 34. cxb5 Na5 35. Nxb4 Nxb3 36. Be3 Kd7 37. Nd5 Bg5 38. Bb6 Bc1 39. f3 Bb2
40. Kf2 Bd4+ 41. Bxd4 Nxd4 42. b6 Kc6 43. Ke3 Ne6 44. Kd3 Nf4+ 45. Nxf4 exf4
46. Kd4 Kxb6 47. Kd5 Kc7 48. e5 dxe5 49. Kxe5 Kd7 50. Kxf4 1/2-1/2

[Event "BL 0607 SV Mülheim Nord - Hamburger SK"]
[Site "?"]
[Date "2006.11.19"]
[Round "4.2"]
[White "Fridman, Daniel"]
[Black "Gustafsson, Jan"]
[Result "1/2-1/2"]
[WhiteElo "2604"]
[BlackElo "2584"]
[PlyCount "33"]
[EventDate "2006.??.??"]

{H-H} 1. d4 Nf6 2. c4 e6 3. Nf3 b6 4. g3 Bb4+ 5. Bd2 Bxd2+ 6. Qxd2 Ba6 7. b3 c6
8. Bg2 d5 9. O-O Nbd7 10. cxd5 cxd5 11. Nc3 O-O 12. Rfc1 Qe7 13. a4 Rac8 14. a5
bxa5 15. Rxa5 Nb8 16. Raa1 Rc7 17. Qb2 1/2-1/2

[Event "BL 0607 SV Mülheim Nord - Hamburger SK"]
[Site "?"]
[Date "2006.11.19"]
[Round "4.3"]
[White "Ftacnik, Lubomir"]
[Black "Levin, Felix"]
[Result "1/2-1/2"]
[WhiteElo "2580"]
[BlackElo "2513"]
[PlyCount "71"]
[EventDate "2006.??.??"]

{H-H} 1. c4 Nf6 2. Nf3 e6 3. Nc3 d5 4. d4 dxc4 5. e4 Bb4 6. Bg5 c5 7. e5 h6 8.
exf6 hxg5 9. fxg7 Rg8 10. Qc2 Qf6 11. dxc5 Nd7 12. Bxc4 Bxc3+ 13. bxc3 Nxc5 14.
O-O g4 15. Bb5+ Ke7 16. Nd4 Rxg7 17. Rae1 Kf8 18. f4 a6 19. Re5 Nd7 20. Bxd7
Bxd7 21. Qe4 Rb8 22. f5 exf5 23. Nxf5 Bxf5 24. Rexf5 Qb6+ 25. Kh1 Re8 26. Qf4
Qe6 27. a4 Kg8 28. a5 Qd7 29. Rg5 Rxg5 30. Qxg5+ Kf8 31. Qh6+ Kg8 32. Qg5+ Kf8
33. Kg1 Qe6 34. Qh5 Kg7 35. Qg5+ Kf8 36. Qh5 1/2-1/2

[Event "BL 0607 SV Mülheim Nord - Hamburger SK"]
[Site "?"]
[Date "2006.11.19"]
[Round "4.4"]
[White "Saltaev, Mihail"]
[Black "Kempinski, Robert"]
[Result "1/2-1/2"]
[WhiteElo "2512"]
[BlackElo "2590"]
[PlyCount "31"]
[EventDate "2006.??.??"]

{H-H} 1. e4 c5 2. Nf3 d6 3. d4 cxd4 4. Nxd4 Nf6 5. Nc3 a6 6. Bc4 e6 7. a4 Be7
8. O-O O-O 9. Ba2 Nc6 10. Kh1 Nb4 11. Bb3 d5 12. e5 Nd7 13. f4 Nc5 14. Be3 Qc7
15. Qd2 Bd7 16. Rae1 1/2-1/2

[Event "BL 0607 SV Mülheim Nord - Hamburger SK"]
[Site "?"]
[Date "2006.11.19"]
[Round "4.5"]
[White "Hansen, Sune Berg"]
[Black "Hausrath, Daniel"]
[Result "1-0"]
[WhiteElo "2561"]
[BlackElo "2529"]
[PlyCount "135"]
[EventDate "2006.??.??"]

{H-H} 1. e4 c5 2. Nf3 Nc6 3. Bb5 Nf6 4. Bxc6 dxc6 5. d3 g6 6. h3 Bg7 7. Nc3 Nd7
8. Be3 e5 9. Qd2 Qe7 10. Bh6 f6 11. Bxg7 Qxg7 12. Ng1 Nf8 13. Nge2 Ne6 14. f4
exf4 15. Nxf4 Nd4 16. O-O O-O 17. Nce2 f5 18. Ng3 fxe4 19. Nxe4 Ne6 20. c3 b6
21. Rae1 Nxf4 22. Rxf4 Bf5 23. Re3 Rad8 24. Qe1 Bc8 25. Qh4 Rxf4 26. Qxf4 Rf8
27. Qd6 Qh6 28. Re1 Qh4 29. Rf1 Rxf1+ 30. Kxf1 Bf5 31. Qxc6 Qf4+ 32. Ke2 Bxe4
33. Qxe4 Qc1 34. Qa8+ Kg7 35. Qxa7+ Kh6 36. Qxb6 Qc2+ 37. Ke1 Qc1+ 38. Ke2 Qc2+
39. Ke3 Qxg2 40. a4 Qg5+ 41. Ke2 Qg2+ 42. Kd1 Qxh3 43. Qxc5 Qg4+ 44. Kd2 Qxa4
45. c4 g5 46. Qb5 Qa8 47. c5 g4 48. c6 g3 49. c7 g2 50. Qc5 g1=Q 51. Qxg1 Qa5+
52. Ke2 Qxc7 53. b4 Qc2+ 54. Ke3 Qb2 55. Qh1+ Kg5 56. Qd5+ Kg6 57. b5 h5 58.
Qc6+ Kg5 59. Qc5+ Kg6 60. b6 h4 61. Qc6+ Kg5 62. Qd5+ Kg6 63. b7 Qb6+ 64. Kf3
Qc7 65. Qe4+ Kg7 66. Qg4+ Kh7 67. Qxh4+ Kg6 68. Qg3+ 1-0

[Event "BL 0607 SV Mülheim Nord - Hamburger SK"]
[Site "?"]
[Date "2006.11.19"]
[Round "4.6"]
[White "Schebler, Gerhard"]
[Black "Mueller, Karsten Dr"]
[Result "0-1"]
[WhiteElo "2535"]
[BlackElo "2500"]
[PlyCount "152"]
[EventDate "2006.??.??"]

{H-H} 1. c4 Nf6 2. Nf3 c5 3. Nc3 d5 4. cxd5 Nxd5 5. e4 Nb4 6. Bc4 Nd3+ 7. Ke2
Nf4+ 8. Kf1 Ne6 9. b4 cxb4 10. Ne2 Nc5 11. Qc2 e6 12. d4 Ncd7 13. Bg5 Be7 14.
Bxe7 Qxe7 15. Bxe6 O-O 16. Bb3 Nc6 17. e5 Nb6 18. Qe4 Na5 19. d5 Nxb3 20. axb3
Qc5 21. Rd1 Bd7 22. Ng5 g6 23. Qh4 h5 24. Ne4 Qc2 25. Rc1 Qd3 26. Nf6+ Kg7 27.
Qd4 Bb5 28. Qxd3 Bxd3 29. Ke1 a5 30. Kd2 Bxe2 31. Kxe2 a4 32. bxa4 Ra5 33. Rhd1
Nxa4 34. Rd4 Nc3+ 35. Kd3 Ra3 36. Kd2 Ra2+ 37. Kd3 Ne2 38. Rc7 Nxd4 39. Kxd4
Rxf2 40. Ne4 Re2 41. e6 b3 42. Rxb7 b2 43. d6 b1=Q 44. Rxb1 fxe6 45. Rb7+ Kg8
46. Re7 Rf4 47. Rxe6 Kf7 48. Re7+ Kf8 49. Kd3 Re1 50. Kd4 Rf5 51. Re6 Rd1+ 52.
Ke3 g5 53. h3 Rfd5 54. g3 Kf7 55. Re7+ Kg6 56. g4 h4 57. Re6+ Kf7 58. Re7+ Kf8
59. Re6 R1d3+ 60. Ke2 Ra3 61. Rf6+ Ke8 62. Re6+ Kd7 63. Re7+ Kc6 64. Rc7+ Kb6
65. Re7 Rxh3 66. d7 Kc7 67. Nf6 Rd4 68. Re8 Rhd3 69. Rc8+ Kb7 70. Rg8 h3 71.
Ne4 h2 72. Rh8 Ra3 73. Nc5+ Kc6 74. Ne6 Rxd7 75. Nxg5 Ra2+ 76. Kf3 Rd1 0-1

[Event "BL 0607 SV Mülheim Nord - Hamburger SK"]
[Site "?"]
[Date "2006.11.19"]
[Round "4.7"]
[White "Reeh, Oliver"]
[Black "Kern, Guido"]
[Result "1-0"]
[WhiteElo "2445"]
[BlackElo "2352"]
[PlyCount "113"]
[EventDate "2006.??.??"]

{H-H} 1. e4 e6 2. d4 d5 3. Nd2 c5 4. Ngf3 a6 5. dxc5 Bxc5 6. Bd3 Nc6 7. O-O Nf6
8. Qe2 Nb4 9. e5 Nd7 10. Nb3 Nxd3 11. cxd3 b6 12. Bg5 Be7 13. Bxe7 Qxe7 14.
Rac1 O-O 15. Nfd4 a5 16. Nb5 Ba6 17. Nc7 Ra7 18. Nd4 Nc5 19. Nxa6 Rxa6 20. Nb5
Raa8 21. d4 Na6 22. Rc6 Qb7 23. Rc3 Qd7 24. Rfc1 Rfc8 25. Nd6 Rxc3 26. Rxc3 f6
27. f4 fxe5 28. fxe5 Nc7 29. Qc2 Ne8 30. Nc8 Rb8 31. Rc6 b5 32. Qc5 Qf7 33. h3
h5 34. Qc1 Kh7 35. Qc2+ Kh6 36. Qc1+ Kh7 37. Qg5 Rb7 38. Nd6 Nxd6 39. exd6 Rd7
40. Qe5 Kg8 41. Rc8+ Kh7 42. Rc7 Kh6 43. h4 Kh7 44. a3 b4 45. axb4 axb4 46.
Rxd7 Qxd7 47. Qxh5+ Kg8 48. Qe5 Kf8 49. h5 Kf7 50. Qg3 Kg8 51. b3 Kf7 52. Qg6+
Kf8 53. h6 gxh6 54. Qxh6+ Kg8 55. Qg6+ Kf8 56. Qf6+ Kg8 57. Qe7 1-0

[Event "BL 0607 SV Mülheim Nord - Hamburger SK"]
[Site "?"]
[Date "2006.11.19"]
[Round "4.8"]
[White "Wegener, Olaf"]
[Black "Breutigam, Martin"]
[Result "1-0"]
[WhiteElo "2404"]
[BlackElo "2387"]
[PlyCount "119"]
[EventDate "2006.??.??"]

{H-H} 1. e4 e6 2. d4 d5 3. Nd2 Nf6 4. e5 Nfd7 5. c3 c5 6. Bd3 Nc6 7. Ne2 cxd4
8. cxd4 f6 9. exf6 Nxf6 10. O-O Bd6 11. Nf3 Qc7 12. Bg5 O-O 13. Rc1 Bd7 14. Ng3
Rae8 15. Bb1 Re7 16. Rc3 Be8 17. a3 Qb8 18. Re1 h6 19. Bc1 Bf7 20. Rce3 Kh8 21.
R3e2 Qe8 {=} 22. Nh4 Bc7 23. b4 Bb6 24. Bb2 a6 25. Qd3 g5 26. Nf3 Rg8 27. Ne5
Nxe5 28. dxe5 Ne4 29. Nxe4 dxe4 30. Qxe4 Bg6 31. Qc4 Bxb1 32. Rxb1 Rf8 33. g3
Rd7 34. Rf1 Qg6 35. Qc2 Qxc2 36. Rxc2 Rf3 37. Kg2 g4 38. h3 h5 39. hxg4 hxg4
40. Rh1+ Rh7 41. Rd1 Rhf7 42. Bd4 Bxd4 43. Rxd4 R3f5 44. Re2 Rg5 45. Rf4 Kg7
46. Ree4 Rxf4 47. gxf4 Rh5 48. Kg3 Rh3+ 49. Kxg4 Rxa3 50. Rd4 b5 51. Rd7+ Kf8
52. Ra7 Ra4 53. Kg5 Rxb4 54. Rxa6 Ke7 55. Ra7+ Kf8 56. Rb7 Ke8 57. f5 exf5 58.
Kf6 Rh4 59. Kxf5 b4 60. f4 1-0

[Event "BL 0607 TV Tegernsee - Solinger SG"]
[Site "?"]
[Date "2006.11.19"]
[Round "4.1"]
[White "Jussupow, Artur"]
[Black "Alekseev, Evgeny"]
[Result "1/2-1/2"]
[WhiteElo "2600"]
[BlackElo "2639"]
[PlyCount "46"]
[EventDate "2006.??.??"]

1. d4 {[%emt 0:00:00]} Nf6 2. c4 e6 3. Nc3 Bb4 4. e3 c5 5. Bd3 Nc6 6. Nf3 Bxc3+
7. bxc3 d6 8. e4 e5 9. h3 h6 10. Be3 b6 11. d5 Ne7 12. Nd2 Ng6 13. g3 O-O 14.
Qc2 Bd7 15. Nf1 Nh7 16. h4 Ne7 17. Nd2 f5 18. exf5 Bxf5 19. g4 Bxd3 20. Qxd3
Qd7 21. g5 h5 22. Ne4 a6 23. Rg1 Nf5 1/2-1/2

[Event "BL 0607 TV Tegernsee - Solinger SG"]
[Site "?"]
[Date "2006.11.19"]
[Round "4.4"]
[White "Ribli, Zoltan"]
[Black "Naumann, Alexander"]
[Result "1/2-1/2"]
[WhiteElo "2584"]
[BlackElo "2542"]
[PlyCount "39"]
[EventDate "2006.??.??"]

1. Nf3 {[%emt 0:00:00]} d5 2. d4 Nf6 3. c4 c6 4. Nc3 dxc4 5. a4 Bf5 6. Ne5 e6
7. f3 c5 8. e4 Bg6 9. d5 exd5 10. Nxg6 hxg6 11. e5 Nh5 12. Qxd5 Qh4+ 13. g3
Nxg3 14. hxg3 Qxg3+ 15. Kd2 Rxh1 16. Qxb7 Qxe5 17. Bxc4 Rh2+ 18. Ne2 Qd4+ 19.
Bd3 c4 20. Qe4+ 1/2-1/2

[Event "BL 0607 TV Tegernsee - Solinger SG"]
[Site "?"]
[Date "2006.11.19"]
[Round "4.5"]
[White "Werle, Jan"]
[Black "Rozentalis, Eduardas"]
[Result "1-0"]
[WhiteElo "2551"]
[BlackElo "2591"]
[PlyCount "83"]
[EventDate "2006.??.??"]

1. Nf3 Nf6 2. c4 e6 3. Nc3 Bb4 4. Qc2 O-O 5. a3 Bxc3 6. Qxc3 b6 7. e3 Bb7 8.
Be2 c5 9. b4 d6 10. Bb2 Nbd7 11. O-O Rc8 12. d4 Ne4 13. Qd3 Qe7 14. Nd2 f5 15.
f3 Nef6 16. Rfd1 e5 17. dxc5 bxc5 18. Qxf5 Nb6 19. Qg5 h6 20. Qh4 Qe6 21. e4
Nh7 22. Rac1 Ng5 23. b5 Rf4 24. Qg3 Qf6 25. Nf1 h5 26. h4 Ne6 27. Rxd6 Nd4 28.
Bxd4 Qxd6 29. Bb2 Re8 30. Rd1 Qf6 31. Bc1 Qxh4 32. Qxh4 Rxh4 33. g3 Rh3 34. Rd6
Bc8 35. Kg2 Rf8 36. Rc6 Bd7 37. Rc7 Be6 38. Rxc5 h4 39. Rc6 Bd7 40. Rc7 Be6 41.
Rxa7 hxg3 42. c5 1-0

[Event "BL 0607 TV Tegernsee - Solinger SG"]
[Site "?"]
[Date "2006.11.19"]
[Round "4.6"]
[White "Boensch, Uwe"]
[Black "Hoffmann, Michael"]
[Result "1-0"]
[WhiteElo "2524"]
[BlackElo "2477"]
[PlyCount "59"]
[EventDate "2006.??.??"]

1. d4 {[%emt 0:00:00]} Nf6 2. c4 e6 3. Nf3 d5 4. g3 dxc4 5. Qa4+ c6 6. Qxc4 b5
7. Qd3 Bb7 8. Bg2 Nbd7 9. Bg5 a6 10. a4 b4 11. Nbd2 c5 12. O-O Be7 13. Bxf6
Bxf6 14. Ne4 O-O 15. Nxf6+ Qxf6 16. Ng5 Qxg5 17. Bxb7 Rad8 18. Qxa6 cxd4 19. a5
Nc5 20. Qb5 Rb8 21. a6 h6 22. Qxb4 Nxb7 23. a7 Qc5 24. axb8=Q Rxb8 25. Ra4 e5
26. Rfa1 Kh7 27. Qb3 f5 28. Ra7 Qc6 29. Qf7 Qe4 30. Qc7 1-0

[Event "BL 0607 TV Tegernsee - Solinger SG"]
[Site "?"]
[Date "2006.11.19"]
[Round "4.8"]
[White "Gross, David"]
[Black "Ernst, Sipke"]
[Result "0-1"]
[WhiteElo "2478"]
[BlackElo "2512"]
[PlyCount "96"]
[EventDate "2006.??.??"]

1. e4 {[%emt 0:00:00]} e5 {[%emt 0:00:00]} 2. Nf3 {[%emt 0:00:00]} Nc6 {
[%emt 0:00:05]} 3. Bb5 {[%emt 0:00:00]} a6 4. Ba4 Nf6 5. O-O Nxe4 6. d4 b5 7.
Bb3 d5 8. dxe5 Be6 9. Nbd2 Be7 10. c3 O-O 11. Bc2 f5 12. Nb3 Qd7 13. Nbd4 Nxd4
14. Nxd4 c5 15. Nxe6 Qxe6 16. f3 Ng5 17. a4 Rad8 18. axb5 axb5 19. Bxg5 Bxg5
20. f4 Be7 21. Kh1 c4 22. Qd4 b4 23. Bd1 g5 24. Ra5 g4 25. Be2 Rd7 26. Rxd5
Rxd5 27. Bxc4 Rfd8 28. Rd1 bxc3 29. bxc3 Kg7 30. Bxd5 Qa6 31. c4 Rb8 32. Qd3
Kg6 33. h3 h5 34. Kh2 Rb6 35. Re1 Qa5 36. Re2 Qa1 37. Be4 fxe4 38. Qxe4+ Kh6
39. hxg4 hxg4 40. Qf5 Rg6 41. Re3 Bc5 42. Rh3+ gxh3 43. Qxh3+ Kg7 44. Qd7+ Kh8
45. Qc8+ Kh7 46. Qxc5 Rh6+ 47. Kg3 Qe1+ 48. Kf3 Rg6 0-1